[Event "32nd ECC Open 2016"]
[Site "Novi Sad SRB"]
[Date "2016.11.07"]
[Round "2.11"]
[Board "6"]
[White "Duijn, Richard"]
[Black "Rosenthal, Jonathan"]
[Result "1/2-1/2"]
[WhiteTitle "FM"]
[BlackTitle "FM"]
[WhiteElo "2203"]
[BlackElo "2333"]
[WhiteTeam "Kennemer Combinatie"]
[BlackTeam "Schachgesellschaft Zurich"]
[WhiteFideId "1003771"]
[BlackFideId "1315684"]
[EventDate "2016.11.06"]

1. e4 c6 2. Nf3 d5 3. Nc3 Bg4 4. h3 Bxf3 5. Qxf3 Nf6 6. exd5 cxd5 7. d4 Nc6 8.
Qd3 e6 9. Be2 Bd6 10. O-O Nd7 11. Bf3 O-O 12. Ne2 Qc7 13. c3 Rab8 14. Be3 b5 15.
Rfc1 Nb6 16. b3 Rfc8 17. Qd1 Rb7 18. g3 Qe7 19. Rc2 Rbc7 20. Bg2 Qd7 21. a3 Ne7
22. Qd2 a5 23. Bf4 Nf5 24. Raa2 h6 25. Bxd6 Nxd6 26. Nf4 a4 27. Rab2 axb3 28.
Rxb3 Nbc4 29. Qc1 Ra7 30. Nd3 Rca8 31. Ra2 Ra5 32. Nb4 Qe8 33. Kh2 R8a7 34. Bf1
Qa8 35. Nc2 Ne4 36. Ne3 Nxe3 37. fxe3 Qb8 38. Rg2 Qd6 39. Qb2 Rxa3 40. Rxa3 Rxa3
41. Qxb5 Rxc3 42. Bd3 g5 43. Bxe4 dxe4 44. Re2 Kg7 45. Kg2 Qc7 46. Qb2 Kg6 47.
Kf2 h5 48. Qb1 Rd3 49. Rc2 Qe7 50. Qh1 Qb7 51. Qc1 Rb3 52. Re2 Qb5 53. g4 Qb8
54. Qh1 Kh6 55. Qxe4 h4 56. Qf3 Kg6 57. Kg2 Qb7 1/2-1/2

[Event "32nd ECC Open 2016"]
[Site "Novi Sad SRB"]
[Date "2016.11.07"]
[Round "2.12"]
[Board "1"]
[White "Ivanchuk, Vassily"]
[Black "Lupulescu, Constantin"]
[Result "1/2-1/2"]
[WhiteTitle "GM"]
[BlackTitle "GM"]
[WhiteElo "2733"]
[BlackElo "2609"]
[WhiteTeam "Ashdod"]
[BlackTeam "AEM Luxten Timisoara"]
[WhiteFideId "14100010"]
[BlackFideId "1207822"]
[EventDate "2016.11.06"]

1. d4 Nf6 2. c4 e6 3. Nc3 Bb4 4. e3 d5 5. Nf3 O-O 6. Bd3 c5 7. O-O cxd4 8. exd4
dxc4 9. Bxc4 b6 10. Bg5 Bb7 11. Qe2 Nbd7 12. Rac1 h6 13. Bh4 Be7 14. Rfe1 Re8
15. Rcd1 a6 16. a4 Qc8 17. Bb3 Bc6 18. Ne5 Nxe5 19. dxe5 Nd7 20. Bxe7 Rxe7 21.
Bc2 b5 22. axb5 axb5 23. Ne4 Bxe4 24. Bxe4 Rb8 25. Rc1 Qa6 26. Rc7 Qa5 27. Rec1
Qb4 28. Bd3 Nf8 29. R7c5 Reb7 30. g3 g6 31. Kg2 Nd7 32. Rc6 Kg7 33. Rd6 Ra7 34.
Rc2 Qa5 35. f4 b4 36. Qe3 Rc7 37. Rxc7 Qxc7 38. Be4 Qc5 39. Qd3 Nb6 40. Rc6 Qe7
41. b3 Nc8 42. Qc2 Qd8 43. Kh3 h5 44. Rc7 Ne7 45. Qc5 Qd1 46. Qxe7 Qg4+ 47. Kg2
Qe2+ 48. Kh3 1/2-1/2

[Event "32nd ECC Open 2016"]
[Site "Novi Sad SRB"]
[Date "2016.11.07"]
[Round "2.12"]
[Board "2"]
[White "Parligras, Mircea-Emilian"]
[Black "Vallejo Pons, Francisco"]
[Result "1/2-1/2"]
[WhiteTitle "GM"]
[BlackTitle "GM"]
[WhiteElo "2599"]
[BlackElo "2716"]
[WhiteTeam "AEM Luxten Timisoara"]
[BlackTeam "Ashdod"]
[WhiteFideId "1204297"]
[BlackFideId "2205530"]
[EventDate "2016.11.06"]

1. d4 d5 2. c4 e6 3. Nf3 Nf6 4. Nc3 c5 5. cxd5 Nxd5 6. e4 Nxc3 7. bxc3 cxd4 8.
cxd4 Bb4+ 9. Bd2 Bxd2+ 10. Qxd2 O-O 11. Bc4 Nd7 12. O-O b6 13. Rfe1 Bb7 14. a4
Rc8 15. Bd3 a5 16. Qb2 h6 17. Ra3 Rc7 18. Nd2 Qe7 19. Rc3 Rxc3 20. Qxc3 Rc8 21.
Qb2 Qd8 22. Bb5 Nb8 23. Rc1 Nc6 24. Rc4 Na7 25. Rxc8 Bxc8 26. Bd3 Bd7 27. Bc2
Nc6 28. h3 Nb4 29. Bb3 Bc6 30. f3 b5 31. axb5 Bxb5 32. Qc3 Nd3 33. Bc4 Bxc4 34.
Nxc4 Nf4 35. Qd2 a4 36. Kh1 Qg5 37. Kh2 Nh5 38. Qxg5 hxg5 39. g3 Kf8 40. Kg2 Ke7
41. Kf2 Kd8 42. h4 gxh4 43. gxh4 Nf4 44. Ke3 Ng2+ 45. Kd3 Nxh4 46. Nd2 f5 47.
Kc4 Ke7 48. Kb4 Nxf3 49. Nxf3 fxe4 50. Ne1 Kd6 51. Nc2 e5 52. Kc4 exd4 53. Kxd4
g5 54. Kxe4 Ke6 55. Kf3 Kf5 56. Kg3 g4 57. Na3 Ke4 58. Kxg4 Kd3 59. Kf3 Kc3 60.
Ke3 Kb3 61. Nb5 a3 62. Nxa3 1/2-1/2

[Event "32nd ECC Open 2016"]
[Site "Novi Sad SRB"]
[Date "2016.11.07"]
[Round "2.12"]
[Board "3"]
[White "Smirin, Ilia"]
[Black "Nevednichy, Vladislav"]
[Result "1/2-1/2"]
[WhiteTitle "GM"]
[BlackTitle "GM"]
[WhiteElo "2674"]
[BlackElo "2541"]
[WhiteTeam "Ashdod"]
[BlackTeam "AEM Luxten Timisoara"]
[WhiteFideId "2801990"]
[BlackFideId "1205730"]
[EventDate "2016.11.06"]

1. e4 c5 2. Nf3 e6 3. d4 cxd4 4. Nxd4 a6 5. Nc3 b5 6. Bd3 Qb6 7. Nf3 Qc7 8. O-O
Bb7 9. a4 b4 10. Nb1 Nf6 11. Nbd2 d5 12. Re1 Be7 13. e5 Nfd7 14. Nb3 Nc6 15. Bf4
Nc5 16. Nxc5 Bxc5 17. c3 h6 18. Qd2 bxc3 19. bxc3 Na5 20. Qe2 Be7 21. Nd4 g5 22.
Bd2 h5 23. f4 gxf4 24. Rf1 Bg5 25. Bxf4 Bxf4 26. Rxf4 Qxc3 27. Raf1 Nc4 28. h3
O-O-O 29. Nxe6 fxe6 30. Bxc4 Qa5 31. Bd3 Rd7 32. Kh2 Kb8 33. Rf6 Re7 34. Rf8+
Rxf8 35. Rxf8+ Ka7 36. Qxh5 Qxa4 37. Qg5 Rd7 38. h4 Qa3 39. Rf3 d4 40. Rg3 Qc5
41. Qf6 Rd5 42. Rg5 Qc3 43. Qf1 Ra5 44. Rg7 Qc5 45. Rg5 Qc3 46. Rg7 Qc5 47. Qf4
Qxe5 48. Qxe5 Rxe5 49. Rd7 a5 50. Rxd4 Bc6 51. g4 a4 52. h5 Re1 53. Rd6 Kb7 54.
Bc4 a3 55. Rxe6 Rc1 56. h6 Rxc4 57. h7 Rc2+ 58. Kg3 Rc3+ 59. Kh2 Rc2+ 60. Kg3
Rc3+ 61. Kh2 Rc2+ 1/2-1/2

[Event "32nd ECC Open 2016"]
[Site "Novi Sad SRB"]
[Date "2016.11.07"]
[Round "2.12"]
[Board "4"]
[White "Berescu, Alin-Mile"]
[Black "Moiseenko, Alexander"]
[Result "0-1"]
[WhiteTitle "GM"]
[BlackTitle "GM"]
[WhiteElo "2452"]
[BlackElo "2650"]
[WhiteTeam "AEM Luxten Timisoara"]
[BlackTeam "Ashdod"]
[WhiteFideId "1204920"]
[BlackFideId "14102560"]
[EventDate "2016.11.06"]

1. d4 Nf6 2. c4 e6 3. Nc3 Bb4 4. Nf3 b6 5. e3 Bb7 6. Bd3 O-O 7. O-O c5 8. a3
Bxc3 9. bxc3 Ne4 10. Nd2 f5 11. f3 Nxd2 12. Qxd2 Nc6 13. Bb2 Na5 14. Qe2 d6 15.
e4 fxe4 16. fxe4 e5 17. Rf5 Qe7 18. d5 Rae8 19. Rxf8+ Rxf8 20. a4 Qe8 21. Ra2
Bc8 22. Bc1 Qg6 23. Be3 h6 24. Ra1 Qg4 25. Qc2 Ba6 26. h3 Qg3 27. Bf2 Qf4 28.
Qe2 Bxc4 29. Bxc4 Nxc4 30. Bxc5 bxc5 31. Qxc4 Qe3+ 32. Kh1 Kh7 33. Qa6 Qxc3 34.
Rg1 Qd4 35. Qxd6 Rf6 36. Qc7 c4 37. Rc1 c3 38. d6 Qd2 39. Rxc3 Rf1+ 40. Kh2 Qe1 0-1

[Event "32nd ECC Open 2016"]
[Site "Novi Sad SRB"]
[Date "2016.11.07"]
[Round "2.12"]
[Board "5"]
[White "Georgiev, Kiril"]
[Black "Grunberg, Mihai-Lucian"]
[Result "1-0"]
[WhiteTitle "GM"]
[BlackTitle "IM"]
[WhiteElo "2621"]
[BlackElo "2397"]
[WhiteTeam "Ashdod"]
[BlackTeam "AEM Luxten Timisoara"]
[WhiteFideId "2900017"]
[BlackFideId "1204149"]
[EventDate "2016.11.06"]

1. d4 f5 2. g3 Nf6 3. Bg2 c6 4. Nf3 e6 5. O-O d5 6. c4 Bd6 7. b3 Qe7 8. Qc2 O-O
9. Nc3 b6 10. Na4 Nbd7 11. Nb2 Bb7 12. Nd3 Rac8 13. Bf4 c5 14. Bxd6 Qxd6 15.
dxc5 Nxc5 16. Nde5 Nce4 17. Qb2 Ba6 18. Rad1 b5 19. cxb5 Bxb5 20. Rc1 a5 21.
Rxc8 Rxc8 22. Rc1 Rc5 23. e3 Nd7 24. Rxc5 Qxc5 25. Bf1 Bxf1 26. Nxd7 Qd6 27. Qe5
Bd3 28. Qxd6 Nxd6 29. Nd4 Bb1 30. a4 Ba2 31. Nc5 Kf7 32. Ndxe6 Ne4 33. f3 Nc3
34. Nd4 Nd1 35. Kf1 Nxe3+ 36. Kf2 f4 37. gxf4 Nd1+ 38. Ke2 1-0

[Event "32nd ECC Open 2016"]
[Site "Novi Sad SRB"]
[Date "2016.11.07"]
[Round "2.12"]
[Board "6"]
[White "Toma, Radu-Cristian"]
[Black "Golod, Vitali"]
[Result "0-1"]
[BlackTitle "GM"]
[WhiteElo "2368"]
[BlackElo "2545"]
[WhiteTeam "AEM Luxten Timisoara"]
[BlackTeam "Ashdod"]
[WhiteFideId "1217992"]
[BlackFideId "2804140"]
[EventDate "2016.11.06"]

1. Nf3 Nf6 2. c4 g6 3. g3 Bg7 4. Bg2 O-O 5. O-O d6 6. Nc3 c6 7. d4 Bf5 8. Nh4
Be6 9. d5 cxd5 10. cxd5 Bd7 11. Qb3 Na6 12. Qxb7 Qa5 13. Qb3 Rab8 14. Qc2 Rfc8
15. Bd2 Ng4 16. a3 Qb6 17. Rab1 Nc5 18. h3 Ne5 19. b4 Na4 20. Nxa4 Qxf2+ 21.
Kxf2 Rxc2 22. Nc5 dxc5 23. bxc5 Rc8 24. c6 Rxd2 25. Nf3 Nd3+ 26. Ke3 Bh6+ 27.
Kd4 Bg7+ 28. Ke3 Bh6+ 29. Kd4 e5+ 30. dxe6 Bxc6 31. Nxd2 Rd8+ 32. Kc3 Bxd2+ 33.
Kxd2 Ne5+ 34. Ke3 Bxg2 35. exf7+ Nxf7 36. Rf4 Bxh3 37. Ra4 Bf5 38. Rc1 Re8+ 39.
Kf2 Re7 40. g4 Be4 41. Rc5 Nd6 42. Rd4 Ne8 43. a4 Bb7 44. g5 Nc7 45. Rd6 Kg7 46.
Ra5 a6 47. Rc5 h6 48. gxh6+ Kxh6 49. Rc3 Nd5 50. Rg3 Nf4 51. e3 Ne6 52. Rg4 Ng5
53. Rb6 Rc7 54. Rh4+ Kg7 55. Rg4 Ne4+ 56. Ke1 Nf6 57. Rgb4 Bc8 58. Rd4 Re7 59.
Rdd6 Rxe3+ 60. Kd2 Rf3 61. Rdc6 Bd7 62. Rc7 Kh6 63. Rxa6 Ne4+ 64. Ke2 Bg4 65.
Rcc6 Ra3+ 66. Kf1 Bf3 67. Rxg6+ Kh5 68. Rh6+ Kg5 69. Rag6+ Kf5 0-1

[Event "32nd ECC Open 2016"]
[Site "Novi Sad SRB"]
[Date "2016.11.07"]
[Round "2.13"]
[Board "1"]
[White "Antic, Dejan"]
[Black "Sjugirov, Sanan"]
[Result "0-1"]
[WhiteTitle "GM"]
[BlackTitle "GM"]
[WhiteElo "2455"]
[BlackElo "2664"]
[WhiteTeam "Crvena Zvezda"]
[BlackTeam "Zhiguli"]
[WhiteFideId "901008"]
[BlackFideId "4189302"]
[EventDate "2016.11.06"]

1. d4 Nf6 2. c4 e6 3. Nf3 d5 4. g3 Bb4+ 5. Bd2 Be7 6. Bg2 c6 7. Qc2 b6 8. Bf4
O-O 9. O-O Ba6 10. b3 Nbd7 11. Rd1 Rc8 12. Nc3 Bb4 13. Ne5 Nxe5 14. Bxe5 Re8 15.
Qb2 Bf8 16. cxd5 cxd5 17. a4 Ng4 18. Bf4 Qf6 19. Nb5 g5 20. Be3 Qh6 21. Qd2
Qxh2+ 22. Kf1 Nxe3+ 23. Qxe3 Qh5 24. Rdc1 g4 25. Rxc8 Rxc8 26. Rc1 Rd8 27. Rc7
Qg6 28. Kg1 Bxb5 29. axb5 h5 30. Qc3 Bd6 31. Rxa7 Kg7 32. Ra6 h4 33. gxh4 g3 34.
Rxb6 gxf2+ 35. Kf1 Bg3 36. e4 Bxh4 37. Qh3 Qg5 38. Qc3 Qg4 39. Qf3 Qxf3 40. Bxf3
dxe4 41. Bxe4 Rxd4 42. Bf3 Rd3 43. Be2 Rxb3 44. Kg2 e5 45. Rb7 Rb1 46. Bc4 Rg1+
47. Kh3 Bf6 0-1

[Event "32nd ECC Open 2016"]
[Site "Novi Sad SRB"]
[Date "2016.11.07"]
[Round "2.13"]
[Board "2"]
[White "Oparin, Grigoriy"]
[Black "Abramovic, Bosko"]
[Result "1-0"]
[WhiteTitle "GM"]
[BlackTitle "GM"]
[WhiteElo "2621"]
[BlackElo "2420"]
[WhiteTeam "Zhiguli"]
[BlackTeam "Crvena Zvezda"]
[WhiteFideId "24125890"]
[BlackFideId "900206"]
[EventDate "2016.11.06"]

1. Nf3 Nf6 2. g3 d5 3. Bg2 c6 4. O-O Bg4 5. c4 e6 6. cxd5 Bxf3 7. Bxf3 cxd5 8.
d4 Nc6 9. e3 Be7 10. Nc3 O-O 11. Qe2 a6 12. Bd2 b5 13. Rfc1 Qb6 14. Be1 Rfc8 15.
Qd1 Ne8 16. Ne2 a5 17. Nf4 Nd6 18. Nd3 Nc4 19. Rc2 a4 20. Be2 g6 21. Nc5 Qa7 22.
Rac1 e5 23. b3 Na3 24. Rd2 exd4 25. exd4 axb3 26. axb3 b4 27. Kg2 Rc7 28. Na6
Rcc8 29. Nc5 Rc7 30. f3 Qb6 31. Bf2 Nb5 32. Na4 Qb7 33. Rdc2 Rac8 34. Qd3 Na3
35. Rd2 Na7 36. Nc5 Qc6 37. Qa6 N7b5 38. Qa5 Nc3 39. Qxb4 Nxe2 40. Rxe2 Nb5 41.
Rxe7 1-0

[Event "32nd ECC Open 2016"]
[Site "Novi Sad SRB"]
[Date "2016.11.07"]
[Round "2.13"]
[Board "3"]
[White "Djuric, Stefan"]
[Black "Predke, Alexandr"]
[Result "1/2-1/2"]
[WhiteTitle "GM"]
[BlackTitle "GM"]
[WhiteElo "2418"]
[BlackElo "2579"]
[WhiteTeam "Crvena Zvezda"]
[BlackTeam "Zhiguli"]
[WhiteFideId "900133"]
[BlackFideId "24107581"]
[EventDate "2016.11.06"]

1. e4 e5 2. Nf3 Nc6 3. Bb5 a6 4. Ba4 Nf6 5. O-O Be7 6. Re1 b5 7. Bb3 d6 8. c3
O-O 9. d3 Na5 10. Bc2 c5 11. Nbd2 Re8 12. Nf1 h6 13. h3 Nc6 14. Ng3 Be6 15. d4
cxd4 16. cxd4 exd4 17. Nxd4 Nxd4 18. Qxd4 Rc8 19. Qd1 Nd7 20. Bb3 Ne5 21. Bxe6
fxe6 22. a4 Rf8 23. axb5 Qb6 24. Be3 Qxb5 25. Re2 Bh4 26. Nf1 Bf6 27. Ng3 Nd3
28. Rb1 Be5 29. Rd2 Nc5 30. b4 Na4 31. Ne2 Nc3 32. Nxc3 Rxc3 33. Bd4 Rc6 34. Qg4
Bxd4 35. Qxe6+ Kh7 36. Rxd4 Qe2 37. Rf1 Rc1 38. Rxc1 Qxf2+ 39. Kh1 Qxd4 40. Qc4
Qd2 41. Rg1 Rb8 42. Qxa6 Qxb4 43. Qd3 1/2-1/2

[Event "32nd ECC Open 2016"]
[Site "Novi Sad SRB"]
[Date "2016.11.07"]
[Round "2.13"]
[Board "4"]
[White "Frolyanov, Dmitry"]
[Black "Govedarica, Radovan"]
[Result "1-0"]
[WhiteTitle "GM"]
[BlackTitle "IM"]
[WhiteElo "2539"]
[BlackElo "2374"]
[WhiteTeam "Zhiguli"]
[BlackTeam "Crvena Zvezda"]
[WhiteFideId "4151976"]
[BlackFideId "900630"]
[EventDate "2016.11.06"]

1. e4 e6 2. d4 d5 3. Nc3 Nf6 4. e5 Nfd7 5. f4 c5 6. Nf3 Nc6 7. Be3 a6 8. Qd2 b5
9. a3 Qa5 10. Be2 b4 11. Nd1 c4 12. a4 Qc7 13. O-O a5 14. Bf2 f5 15. g4 Nb6 16.
gxf5 exf5 17. Ne3 Nd8 18. b3 c3 19. Bb5+ Kf7 20. Ng5+ Kg8 21. Qe2 h6 22. Nf3 g6
23. Nh4 Rh7 24. Kh1 Rg7 25. Rg1 Kh7 26. Be8 Ba6 27. Qf3 Nf7 28. Bb5 Bxb5 29.
axb5 Qd7 30. Nxg6 Rxg6 31. Rxg6 Kxg6 32. Rg1+ Ng5 33. fxg5 hxg5 34. Bh4 Bh6 35.
Bxg5 Bxg5 36. h4 Rh8 37. Rxg5+ Kf7 38. Nxf5 Ke8 39. Nd6+ 1-0

[Event "32nd ECC Open 2016"]
[Site "Novi Sad SRB"]
[Date "2016.11.07"]
[Round "2.13"]
[Board "5"]
[White "Velickovic, Sasa"]
[Black "Geller, Jakov"]
[Result "0-1"]
[WhiteTitle "IM"]
[BlackTitle "GM"]
[WhiteElo "2312"]
[BlackElo "2488"]
[WhiteTeam "Crvena Zvezda"]
[BlackTeam "Zhiguli"]
[WhiteFideId "900869"]
[BlackFideId "4151984"]
[EventDate "2016.11.06"]

1. e4 c5 2. Nf3 e6 3. d4 cxd4 4. Nxd4 Nf6 5. Nc3 d6 6. Be2 Be7 7. O-O Nc6 8. Be3
O-O 9. Kh1 Qc7 10. f4 Nxd4 11. Bxd4 e5 12. Be3 a6 13. a4 exf4 14. Bxf4 Be6 15.
Qd3 Nd7 16. Qg3 Ne5 17. Bd3 g6 18. Be3 Rfe8 19. h3 Bf8 20. Qf2 Bg7 21. Rfd1 Rac8
22. a5 Qe7 23. Qd2 Rc6 24. Rf1 Qd7 25. Kh2 Nxd3 26. cxd3 d5 27. exd5 Bxd5 28.
Bf4 Rce6 29. Rfe1 Bc6 30. Rxe6 Qxe6 31. Bg3 Rd8 32. Qc2 Be5 33. Bxe5 Qxe5+ 34.
Kg1 Qe3+ 35. Qf2 Qxf2+ 36. Kxf2 Rxd3 37. Rd1 Rxd1 38. Nxd1 Kg7 0-1

[Event "32nd ECC Open 2016"]
[Site "Novi Sad SRB"]
[Date "2016.11.07"]
[Round "2.13"]
[Board "6"]
[White "Brodsky, Michail"]
[Black "Vujacic, Borivoje"]
[Result "1-0"]
[WhiteTitle "GM"]
[BlackTitle "FM"]
[WhiteElo "2523"]
[BlackElo "2240"]
[WhiteTeam "Zhiguli"]
[BlackTeam "Crvena Zvezda"]
[WhiteFideId "14100932"]
[BlackFideId "903000"]
[EventDate "2016.11.06"]

1. Nf3 Nf6 2. c4 g6 3. Nc3 d5 4. cxd5 Nxd5 5. Qb3 Nb6 6. d4 Bg7 7. e4 O-O 8. Be3
c6 9. Rd1 Bg4 10. Be2 N8d7 11. a4 Qc7 12. O-O e5 13. a5 Nc8 14. d5 Nd6 15. dxc6
bxc6 16. Qa3 Ne8 17. h3 Bxf3 18. Bxf3 Nef6 19. Rc1 Rfe8 20. Qa4 Rab8 21. b4 Qb7
22. Na2 Rbc8 23. a6 Qa8 24. Rc3 Rc7 25. Rfc1 Rec8 26. b5 c5 27. Qa5 Bf8 28. Nb4
Nb8 29. Bg5 Nbd7 30. Nc6 Rxc6 31. bxc6 Qxc6 32. Rb1 Nb6 33. Qb5 Qe6 34. Rd1 h6
35. Be3 Kg7 36. Bxc5 Kg8 37. Rcc1 Nbd7 38. Bxa7 Ra8 39. Rc7 Bd6 40. Rc6 Rxa7 41.
Rdxd6 1-0

[Event "32nd ECC Open 2016"]
[Site "Novi Sad SRB"]
[Date "2016.11.07"]
[Round "2.14"]
[Board "1"]
[White "Giri, Anish"]
[Black "Papp, Gabor1"]
[Result "1/2-1/2"]
[WhiteTitle "GM"]
[BlackTitle "GM"]
[WhiteElo "2767"]
[BlackElo "2587"]
[WhiteTeam "Syberia"]
[BlackTeam "CSM Baia Mare"]
[WhiteFideId "24116068"]
[BlackFideId "718602"]
[EventDate "2016.11.06"]

1. e4 e5 2. Nf3 Nc6 3. Bb5 a6 4. Ba4 Nf6 5. O-O Nxe4 6. d4 b5 7. Bb3 d5 8. dxe5
Be6 9. Qe2 Be7 10. Rd1 O-O 11. c4 bxc4 12. Bxc4 Bc5 13. Be3 Bxe3 14. Qxe3 Qb8
15. Bb3 Qb6 16. Qxb6 cxb6 17. Na3 Rfd8 18. Nc2 Na5 19. Nb4 Nc4 20. Rab1 Nc5 21.
Nc6 Re8 22. Nfd4 Rac8 23. h3 Bd7 24. Nb4 Rxe5 25. Nf3 Ree8 26. Nxd5 b5 27. Bxc4
bxc4 28. Nb6 Bf5 29. Nxc8 Bxb1 30. Nd6 Rd8 31. Rxb1 Rxd6 32. Rc1 h6 33. Rxc4
Rd1+ 34. Kh2 Nd3 35. Ra4 Rf1 36. Rxa6 Rxf2 37. b3 Nc1 38. b4 Nxa2 39. b5 Nc3 40.
b6 Rb2 41. Ne5 Nd5 42. Nd7 Kh7 43. Nf8+ Kg8 44. Nd7 Kh7 45. h4 h5 46. Kg3 g6 47.
Ra7 Nxb6 48. Ne5 Rb3+ 49. Kh2 Nd5 50. Rd7 Ne3 51. Rxf7+ Kg8 52. Rf3 Ng4+ 53.
Nxg4 Rxf3 54. gxf3 hxg4 55. fxg4 Kh8 56. Kg2 Kg8 57. Kf2 Kf8 58. Ke2 Ke8 59. Kd2
Kd8 60. Kc2 Ke8 61. Kc3 Ke7 62. Kd2 Kd6 63. Ke3 Ke7 64. Kf4 Kf6 65. Ke4 Ke6 66.
Kf3 Kf7 67. Kf4 Kf6 68. g5+ Ke6 69. Kg4 Kf7 70. Kf4 Ke6 71. Ke4 Kd6 72. Kf3 Ke6
73. Kf4 Kf7 74. Kg4 Kf8 1/2-1/2

[Event "32nd ECC Open 2016"]
[Site "Novi Sad SRB"]
[Date "2016.11.07"]
[Round "2.14"]
[Board "2"]
[White "Erdos, Viktor"]
[Black "Grischuk, Alexander"]
[Result "1/2-1/2"]
[WhiteTitle "GM"]
[BlackTitle "GM"]
[WhiteElo "2585"]
[BlackElo "2751"]
[WhiteTeam "CSM Baia Mare"]
[BlackTeam "Syberia"]
[WhiteFideId "719978"]
[BlackFideId "4126025"]
[EventDate "2016.11.06"]

1. d4 Nf6 2. c4 g6 3. Nc3 d5 4. Bf4 Bg7 5. e3 O-O 6. Rc1 Be6 7. cxd5 Nxd5 8.
Nxd5 Qxd5 9. a3 Qa5+ 10. Qd2 Qxd2+ 11. Kxd2 c6 12. Nf3 Nd7 13. Bc4 Bxc4 14. Rxc4
a5 15. Ke2 Rfe8 16. Rhc1 e5 17. Nxe5 Nxe5 18. Bxe5 Bxe5 19. dxe5 Rxe5 20. Rc5
Rxc5 21. Rxc5 Kf8 22. Rc4 Ke7 23. g4 h6 24. Re4+ Kd6 25. Rd4+ Ke6 26. Re4+ Kd6
27. Rd4+ Ke6 28. Re4+ Kd6 29. Rd4+ Ke6 30. Re4+ Kd6 1/2-1/2

[Event "32nd ECC Open 2016"]
[Site "Novi Sad SRB"]
[Date "2016.11.07"]
[Round "2.14"]
[Board "3"]
[White "Li, Chao b"]
[Black "Vajda, Levente"]
[Result "1/2-1/2"]
[WhiteTitle "GM"]
[BlackTitle "GM"]
[WhiteElo "2730"]
[BlackElo "2597"]
[WhiteTeam "Syberia"]
[BlackTeam "CSM Baia Mare"]
[WhiteFideId "8604436"]
[BlackFideId "1203975"]
[EventDate "2016.11.06"]

1. Nf3 d5 2. d4 e6 3. c4 Nf6 4. g3 Be7 5. Bg2 O-O 6. O-O dxc4 7. Qc2 a6 8. a4
Bd7 9. Rd1 Bc6 10. Nc3 a5 11. e4 Na6 12. Ne5 Nb4 13. Qe2 Nd3 14. Nxd3 cxd3 15.
Rxd3 Bb4 16. Bg5 h6 17. Bxf6 Qxf6 18. e5 Qe7 19. Bxc6 bxc6 20. Ne4 Rab8 21. Rc1
Rb6 22. g4 Qh4 23. Kg2 Qd8 24. g5 hxg5 25. Rh3 f5 26. Rh8+ Kxh8 27. Qh5+ Kg8 28.
Nxg5 Qd5+ 29. Kg1 Rfb8 30. Qf7+ Kh8 31. h4 Bd2 32. Qh5+ Kg8 33. Qf7+ Kh8 34. Rc5
Qa2 35. Qh5+ Kg8 36. Qf7+ Kh8 37. Qh5+ Kg8 38. Qh7+ Kf8 39. Qh8+ Ke7 40. Qxg7+
Kd8 41. Nf7+ Ke8 42. Nd6+ cxd6 43. Qg8+ Ke7 44. Qg7+ Ke8 1/2-1/2

[Event "32nd ECC Open 2016"]
[Site "Novi Sad SRB"]
[Date "2016.11.07"]
[Round "2.14"]
[Board "4"]
[White "Georgescu, Tiberiu-Marian"]
[Black "Korobov, Anton"]
[Result "0-1"]
[WhiteTitle "GM"]
[BlackTitle "GM"]
[WhiteElo "2460"]
[BlackElo "2689"]
[WhiteTeam "CSM Baia Mare"]
[BlackTeam "Syberia"]
[WhiteFideId "1213300"]
[BlackFideId "14105730"]
[EventDate "2016.11.06"]

1. Nf3 d5 2. g3 c5 3. c4 d4 4. b4 cxb4 5. a3 bxa3 6. Bxa3 Nc6 7. Bg2 Nf6 8. O-O
e5 9. Qa4 Nd7 10. Bxf8 Kxf8 11. d3 g6 12. Nbd2 Kg7 13. Rfb1 Qc7 14. Ne1 a5 15.
Nc2 Ra6 16. Nb3 h5 17. e3 dxe3 18. Nxe3 h4 19. Qa3 hxg3 20. hxg3 Qd8 21. Nd5 Qg5
22. Nc7 a4 23. Nxa6 axb3 24. Bxc6 bxc6 25. Kg2 Qf5 26. Rh1 Rxh1 27. Rxh1 Qxd3
28. Nc7 Nf6 29. Qc1 Ng4 30. Ne8+ Kg8 31. Rh4 Qe4+ 32. Kg1 Qc2 33. Nf6+ Nxf6 34.
Qh6 Nh5 0-1

[Event "32nd ECC Open 2016"]
[Site "Novi Sad SRB"]
[Date "2016.11.07"]
[Round "2.14"]
[Board "5"]
[White "Rublevsky, Sergei"]
[Black "Dolana, Andrei-Theodor"]
[Result "1/2-1/2"]
[WhiteTitle "GM"]
[BlackTitle "FM"]
[WhiteElo "2689"]
[BlackElo "2297"]
[WhiteTeam "Syberia"]
[BlackTeam "CSM Baia Mare"]
[WhiteFideId "4115309"]
[BlackFideId "1219804"]
[EventDate "2016.11.06"]

1. e4 e5 2. Bc4 Nf6 3. d3 c6 4. Nf3 d5 5. Bb3 a5 6. Nc3 Bb4 7. a3 Bxc3+ 8. bxc3
a4 9. Ba2 Qc7 10. O-O O-O 11. Bg5 Nbd7 12. exd5 cxd5 13. Qd2 b6 14. Rfe1 Re8 15.
Re2 Bb7 16. Rae1 Rac8 17. c4 dxc4 18. Bxc4 Bxf3 19. gxf3 Qc6 20. f4 e4 21. Qb4
exd3 22. Rxe8+ Nxe8 23. Bxd3 Nd6 24. Bf1 h6 25. Bg2 Qc7 26. Be7 Nc5 27. Re5 f6
28. Re2 Nf5 29. Qc4+ Kh8 30. Bh3 Nh4 31. Re3 Re8 32. Qf7 Rg8 33. Qh5 Qxf4 34.
Qg4 Qxg4+ 35. Bxg4 Ng6 36. Bd6 Ne5 37. Bxe5 fxe5 38. Rxe5 Rd8 39. Re7 Rd5 40.
Kg2 Kh7 41. Rc7 Kg6 42. Rc6+ Kg5 43. Bf3 Rd2 44. Rxb6 Rxc2 45. Rb5 Kf6 46. Ra5
Rc3 47. Bd1 g5 48. Bxa4 Rxa3 49. Rxc5 Rxa4 1/2-1/2

[Event "32nd ECC Open 2016"]
[Site "Novi Sad SRB"]
[Date "2016.11.07"]
[Round "2.14"]
[Board "6"]
[White "Szabo, Attila1"]
[Black "Bocharov, Dmitry"]
[Result "0-1"]
[WhiteTitle "FM"]
[BlackTitle "GM"]
[WhiteElo "2312"]
[BlackElo "2593"]
[WhiteTeam "CSM Baia Mare"]
[BlackTeam "Syberia"]
[WhiteFideId "1206532"]
[BlackFideId "4138716"]
[EventDate "2016.11.06"]

1. Nf3 g6 2. g3 Bg7 3. Bg2 e5 4. d3 Ne7 5. O-O O-O 6. c4 c6 7. Nc3 d5 8. e4 d4
9. Ne2 c5 10. Nh4 Nec6 11. a3 Be6 12. f4 exf4 13. Nxf4 Nd7 14. Nxe6 fxe6 15.
Rxf8+ Qxf8 16. Rb1 Nde5 17. Nf3 Bh6 18. Ng5 Qf6 19. h4 Rf8 20. Bf4 Nf7 21. Qg4
Nce5 22. Bxe5 Nxe5 23. Qxe6+ Qxe6 24. Nxe6 Be3+ 25. Kh1 Rf2 26. Nxc5 b6 27. Ne6
Kf7 28. Nc7 Nxd3 29. b3 Ra2 30. Nd5 Bf2 31. Rd1 Ne1 32. Nb4 Rxa3 33. Nd3 Nxd3
34. Rxd3 Be3 35. e5 Ke6 36. h5 Kxe5 37. hxg6 hxg6 38. Kh2 a5 39. Bf1 Ra1 40. Bg2
Rc1 41. Bf3 Rc3 42. Rxc3 dxc3 43. Bd1 Ke4 0-1